America's democracy: the ideal and reality (Record no. 83909)

MARC details
000 -LEADER
fixed length control field 00840nam a2200205 a 4500
008 - FIXED-LENGTH DATA ELEMENTS--GENERAL INFORMATION
fixed length control field 120416s1983 ||||||||||||||||| || u
020 ## - INTERNATIONAL STANDARD BOOK NUMBER
International Standard Book Number 0673158195
050 ## - LIBRARY OF CONGRESS CALL NUMBER
Classification number JK 274 Har
100 ## - MAIN ENTRY--PERSONAL NAME
Personal name Harris, Fred R., 1930-
245 10 - TITLE STATEMENT
Title America's democracy: the ideal and reality
250 ## - EDITION STATEMENT
Edition statement 2nd ed.
260 ## - PUBLICATION, DISTRIBUTION, ETC.
Place of publication, distribution, etc. Glenview:
Name of publisher, distributor, etc. Salt, Foresmanand
Date of publication, distribution, etc. 1983
300 ## - PHYSICAL DESCRIPTION
Extent 653p. : ill.
350 ## -
-- 0.00
650 ## - SUBJECT ADDED ENTRY--TOPICAL TERM
Topical term or geographic name entry element DEMOCRACY--UNITED STATES GOVERNMENT
650 ## - SUBJECT ADDED ENTRY--TOPICAL TERM
Topical term or geographic name entry element GOVERNMENT
650 ## - SUBJECT ADDED ENTRY--TOPICAL TERM
Topical term or geographic name entry element UNITED STATES--POLITICS AND GOVERNMENT
995 ## -
-- ANNEX COLLECTION (Main Library)
-- 0.00
-- 718835
-- CBU-MAIN LIBRARY (Kitwe)
-- 2
-- 0.00
-- JK 274 Har
-- 1
-- AVAILABLE
-- 007590
-- Annex Low-Usage Collection
995 ## -
-- MAIN LIBRARY OPEN ACCESS
-- 0.00
-- 718834
-- CBU-MAIN LIBRARY (Kitwe)
-- 1
-- 0.00
-- JK 274 Har
-- 2
-- AVAILABLE
-- 009366
-- Main Library Open Access Collection
999 ## -
-- 83909
-- 83909
Holdings
Withdrawn status Lost status Source of classification or shelving scheme Damaged status Not for loan Permanent Location Current Location Shelving location Date acquired Total Checkouts Full call number Barcode Date last seen Copy number Price effective from Koha item type
          CBU-MAIN LIBRARY, KITWE. CBU-MAIN LIBRARY, KITWE.   01/08/2024   JK 274 Har 007590 01/08/2024 1 01/08/2024 MONOGRAPH
          CBU-MAIN LIBRARY, KITWE. CBU-MAIN LIBRARY, KITWE.   01/08/2024   JK 274 Har 009366 01/08/2024 2 01/08/2024 MONOGRAPH